Biggest cities of France-sudden death - Statistics

General Stats
  • This quiz has been taken 60 times
  • The average score is 4 of 10
Answers on the Grid
Answers color-coded by a green-red scale on the quiz's grid according to % correct below.
Le Mans
Villeurbanne
Tours
Nîmes
Angers
Nancy
Caen
Metz
Amiens
Monaco
Brest
Calais
Versailles
Dijon
Grenoble
Le Havre
Saint-Éttiene
Toulon
Reims
Rennes
Paris
Marseille
Lille
Montpellier
Nice
Lyon
Bordeaux
Strasbourg
Toulouse
Nantes
 
Answer Stats
Answer % Correct
Lyon
63%
Nice
63%
Lille
50%
Paris
50%
Bordeaux
38%
Marseille
38%
Montpellier
25%
Strasbourg
25%
Toulouse
25%
Nantes
13%
No matching quizzes found
Score Distribution
Percent of People with Each Score
Percentile by Number Answered
Your Score History
You have not taken this quiz